sikh gurus : (Record no. 155758)
[ view plain ]
| 000 -LEADER | |
|---|---|
| fixed length control field | 00683nam a22002417a 4500 |
| 003 - CONTROL NUMBER IDENTIFIER | |
| control field | dpl |
| 005 - DATE AND TIME OF LATEST TRANSACTION | |
| control field | 20180810152917.0 |
| 008 - FIXED-LENGTH DATA ELEMENTS--GENERAL INFORMATION | |
| fixed length control field | 180810b xxu||||| |||| 00| 0 eng d |
| 010 ## - LIBRARY OF CONGRESS CONTROL NUMBER | |
| LC control number | A-597047 |
| 016 ## - NATIONAL BIBLIOGRAPHIC AGENCY CONTROL NUMBER | |
| Record control number | A-597047 |
| 020 ## - INTERNATIONAL STANDARD BOOK NUMBER | |
| International Standard Book Number | 818567499-X |
| 035 ## - SYSTEM CONTROL NUMBER | |
| System control number | A-597047 |
| 037 ## - SOURCE OF ACQUISITION | |
| Source of stock number/acquisition | BPPD/PUB |
| 040 ## - CATALOGING SOURCE | |
| Original cataloging agency | DPL |
| Language of cataloging | EN |
| Transcribing agency | 0 |
| 082 ## - DEWEY DECIMAL CLASSIFICATION NUMBER | |
| Classification number | 260.33 |
| Item number | DUG |
| 100 ## - MAIN ENTRY--PERSONAL NAME | |
| Personal name | Duggal.K.S |
| 245 ## - TITLE STATEMENT | |
| Title | sikh gurus : |
| Statement of responsibility, etc | by Vivek Ranjan Bhattacharya |
| Remainder of title | Their lives and teachings / |
| 246 ## - VARYING FORM OF TITLE | |
| Remainder of title | |
| 260 ## - PUBLICATION, DISTRIBUTION, ETC. (IMPRINT) | |
| Name of publisher, distributor, etc | UBS publishers distributors ltd. |
| Date of publication, distribution, etc | 1993 |
| Place of publication, distribution, etc | New delhi |
| 270 ## - ADDRESS | |
| City | New delhi |
| Address | 5 Ansari road |
| Postal code | 110002 |
| 300 ## - PHYSICAL DESCRIPTION | |
| Extent | ix, 251p. |
| Dimensions | 21cm(Hb) |
| 942 ## - ADDED ENTRY ELEMENTS (KOHA) | |
| Source of classification or shelving scheme | Dewey Decimal Classification |
| Koha item type | English Books |
| Classification part | 260.33 |
| Call number suffix | DUG |
| Withdrawn status | Lost status | Source of classification or shelving scheme | Damaged status | Not for loan | Home library | Current library | Date acquired | Source of acquisition | Cost, normal purchase price | Total Checkouts | Full call number | Barcode | Date last seen | Date checked out | Cost, replacement price | Price effective from | Koha item type |
|---|---|---|---|---|---|---|---|---|---|---|---|---|---|---|---|---|---|
| Dewey Decimal Classification | Shahdara Branch | Shahdara Branch | 10/08/2018 | BPPD/PUB | 0.00 | 1 | 260.33 DUG | A-597047 | 31/12/2018 | 21/12/2018 | 0.00 | 10/08/2018 | English Books |
